| 000 | 00637nam a2200193 i 4500 | ||
|---|---|---|---|
| 001 | 103863 | ||
| 003 | ES-MaACL | ||
| 005 | 20250812082608.0 | ||
| 007 | t| | ||
| 008 | 051118s1971 sp af |||| | spa d | ||
| 100 | 1 |
_aMeyer, Franz Sales. _980788 |
|
| 245 | 1 | 0 |
_aManual de ornamentación : _bordenado sistemáticamente para uso de dibujantes, arquitectos / _cFranz S.M. ; versión E. de E. |
| 250 | _a5ª ed. amp. | ||
| 260 |
_aBarcelona : _bGustavo Gili, _c1971. |
||
| 300 |
_a789 p., 101 lám. : _bil. ; _c23 cm. |
||
| 650 | 7 |
_aArtes decorativas _2embne _9135625 |
|
| 852 | 4 |
_aES-MaACL _jE-6622 |
|
| 999 |
_c103863 _d103863 |
||